[Event "Xtracon Skakligaen"]
[Site "Denmark"]
[Date "2015.10.31"]
[Round "1.1"]
[White "Jones, Gawain C B"]
[Black "Pedersen, Christian Kyndel"]
[Result "1-0"]
[WhiteElo "2623"]
[BlackElo "2418"]
[PlyCount "65"]
[EventDate "2015.10.31"]
[EventType "team-tourn"]
[EventRounds "9"]
[EventCountry "DEN"]
[WhiteTeam "Philidor"]
[BlackTeam "Jetsmark"]
[WhiteTeamCountry "DEN"]
[BlackTeamCountry "DEN"]

1. e4 e5 2. Nf3 Nc6 3. d4 exd4 4. Bc4 Nf6 5. e5 d5 6. Bb5 Ne4 7. Nxd4 Bd7 8.
Bxc6 bxc6 9. O-O Bc5 10. f3 Ng5 11. Be3 O-O 12. f4 Ne4 13. Nd2 Nxd2 14. Qxd2
Qe7 15. Rae1 Bb6 16. f5 Qxe5 17. Nxc6 Qd6 18. Bxb6 Qxc6 19. Ba5 Rfe8 20. Rd1
Re5 21. f6 Rae8 22. Bc3 Rh5 23. fxg7 Qb6+ 24. Qf2 Qxf2+ 25. Rxf2 c5 26. Bf6 Bg4
27. Rdf1 Re6 28. b4 cxb4 29. Bb2 Re7 30. Rf4 Bc8 31. Rxb4 Re2 32. Rb8 Rxc2 33.
Rc1 1-0

[Event "Xtracon Skakligaen"]
[Site "Denmark"]
[Date "2015.10.31"]
[Round "1.2"]
[White "Jensen, Bjarke"]
[Black "Grandelius, Nils"]
[Result "0-1"]
[WhiteElo "2366"]
[BlackElo "2647"]
[PlyCount "72"]
[EventDate "2015.10.31"]
[EventType "team-tourn"]
[EventRounds "9"]
[EventCountry "DEN"]
[WhiteTeam "Jetsmark"]
[BlackTeam "Philidor"]
[WhiteTeamCountry "DEN"]
[BlackTeamCountry "DEN"]

1. e4 e5 2. Nf3 Nc6 3. Bb5 a6 4. Ba4 Nf6 5. O-O Be7 6. Re1 b5 7. Bb3 d6 8. c3
O-O 9. d4 Bg4 10. Be3 Bh5 11. h3 Bg6 12. Nbd2 exd4 13. Nxd4 Nxd4 14. cxd4 c5
15. f4 Nxe4 16. Bd5 Nxd2 17. Bxa8 Nc4 18. Bf2 Nxb2 19. Qf3 Nd3 20. Rxe7 Qxe7
21. f5 Nxf2 22. Bd5 Qf6 23. fxg6 Qxf3 24. gxh7+ Kh8 25. Bxf3 Nd3 26. Bb7 Rb8
27. Be4 c4 28. Rf1 Re8 29. Bd5 Re1 30. Bxf7 Kxh7 31. a4 Kh6 32. axb5 axb5 33.
Rxe1 Nxe1 34. Kf2 Nc2 35. d5 b4 36. Ke2 b3 0-1

[Event "Xtracon Skakligaen"]
[Site "Denmark"]
[Date "2015.10.31"]
[Round "1.3"]
[White "Glud, Jakob Vang"]
[Black "Wiwe, Andreas"]
[Result "1/2-1/2"]
[WhiteElo "2535"]
[BlackElo "2276"]
[PlyCount "60"]
[EventDate "2015.10.31"]
[EventType "team-tourn"]
[EventRounds "9"]
[EventCountry "DEN"]
[WhiteTeam "Philidor"]
[BlackTeam "Jetsmark"]
[WhiteTeamCountry "DEN"]
[BlackTeamCountry "DEN"]

1. c4 e5 2. g3 c6 3. d4 Bb4+ 4. Bd2 Bxd2+ 5. Qxd2 d6 6. Nc3 Nf6 7. Bg2 O-O 8.
e3 Be6 9. Rd1 Na6 10. b3 exd4 11. Qxd4 Nb4 12. Qd2 Bf5 13. e4 Re8 14. Nge2 Nxe4
15. Nxe4 Bxe4 16. Bxe4 Rxe4 17. Qxb4 Qe7 18. Rd2 Re8 19. O-O c5 20. Qb5 Rxe2
21. Rxe2 Qxe2 22. Qxb7 Qxa2 23. Rd1 g6 24. Rxd6 Re1+ 25. Kg2 Qe2 26. Rd8+ Kg7
27. Rd7 Qf1+ 28. Kf3 Qe2+ 29. Kg2 Qf1+ 30. Kf3 Qe2+ 1/2-1/2

[Event "Xtracon Skakligaen"]
[Site "Denmark"]
[Date "2015.10.31"]
[Round "1.4"]
[White "Christensen, Stefan"]
[Black "Hansen, Curt"]
[Result "0-1"]
[WhiteElo "2266"]
[BlackElo "2611"]
[PlyCount "62"]
[EventDate "2015.10.31"]
[EventType "team-tourn"]
[EventRounds "9"]
[EventCountry "DEN"]
[WhiteTeam "Jetsmark"]
[BlackTeam "Philidor"]
[WhiteTeamCountry "DEN"]
[BlackTeamCountry "DEN"]

1. e4 c5 2. Nf3 Nc6 3. Bb5 e6 4. O-O Nge7 5. Re1 Qb6 6. Bf1 g6 7. Na3 Bg7 8. c3
d5 9. e5 f6 10. d4 fxe5 11. dxe5 O-O 12. Qe2 Bd7 13. g3 h6 14. h4 Rf7 15. Bg2
Raf8 16. Bf4 Rxf4 17. gxf4 Rxf4 18. Qd2 Rf7 19. Nc2 Qd8 20. Ne3 Qf8 21. Qe2 Rf4
22. Nf1 Nf5 23. Qd2 Nxh4 24. Nxh4 Rxh4 25. Bxd5 Nxe5 26. Rxe5 Bxe5 27. Bxb7
Rg4+ 28. Ng3 Bxg3 29. fxg3 Rxg3+ 30. Kh2 Qb8 31. Qxh6 Rg4+ 0-1

[Event "Xtracon Skakligaen"]
[Site "Denmark"]
[Date "2015.10.31"]
[Round "1.5"]
[White "Ziska, Helgi Dam"]
[Black "Rosenkilde, Alexander"]
[Result "1-0"]
[WhiteElo "2523"]
[BlackElo "2197"]
[PlyCount "71"]
[EventDate "2015.10.31"]
[EventType "team-tourn"]
[EventRounds "9"]
[EventCountry "DEN"]
[WhiteTeam "Philidor"]
[BlackTeam "Jetsmark"]
[WhiteTeamCountry "DEN"]
[BlackTeamCountry "DEN"]

1. e4 c5 2. Nf3 Nc6 3. Bb5 e6 4. O-O Nge7 5. c3 a6 6. Ba4 b5 7. Bc2 Bb7 8. Re1
Rc8 9. d4 cxd4 10. cxd4 d5 11. Nc3 Nb4 12. Bb1 dxe4 13. Nxe4 Ng6 14. a3 Nd5 15.
Nfg5 Be7 16. Qf3 O-O 17. Qh3 Bxg5 18. Bxg5 Qb6 19. Nc5 Rfe8 20. b4 Ba8 21. Qg3
a5 22. h4 Nf8 23. h5 f6 24. Bd2 axb4 25. axb4 Qc7 26. Qg4 Qf7 27. Bd3 Nc7 28.
Ra7 Re7 29. Rea1 Bd5 30. Bf4 Bc4 31. Bxc4 bxc4 32. Bd6 Ree8 33. Na6 Red8 34.
Rxc7 Rxc7 35. Bxc7 Ra8 36. b5 1-0

[Event "Xtracon Skakligaen"]
[Site "Denmark"]
[Date "2015.10.31"]
[Round "1.6"]
[White "Rathlev, Jakob"]
[Black "Mikkelsen, Nikolaj"]
[Result "0-1"]
[WhiteElo "2240"]
[BlackElo "2462"]
[PlyCount "126"]
[EventDate "2015.10.31"]
[EventType "team-tourn"]
[EventRounds "9"]
[EventCountry "DEN"]
[WhiteTeam "Jetsmark"]
[BlackTeam "Philidor"]
[WhiteTeamCountry "DEN"]
[BlackTeamCountry "DEN"]

1. Nf3 Nf6 2. d4 g6 3. Bg5 Bg7 4. c3 d6 5. Nbd2 h6 6. Bh4 g5 7. Bg3 Nh5 8. Qb3
Nd7 9. e3 e6 10. Be2 Qe7 11. O-O f5 12. Ne1 Ndf6 13. Qb5+ Kf7 14. Nd3 Kg8 15.
c4 Nxg3 16. fxg3 a6 17. Qb4 Kh7 18. Rac1 Rb8 19. Qa3 Bd7 20. Rfe1 Be8 21. Bf3
Qd8 22. c5 Bg6 23. cxd6 cxd6 24. Nc4 Ne8 25. Red1 Rf8 26. Qa5 Qxa5 27. Nxa5 Rf7
28. Rc3 Nf6 29. Nb4 Ne4 30. Bxe4 fxe4 31. Rf1 Rbf8 32. Rxf7 Rxf7 33. Nc4 Bf8
34. a3 Bh5 35. Nd2 Be2 36. Na2 d5 37. Rc8 h5 38. Nc3 Bd3 39. g4 h4 40. Nd1 Be2
41. Nf2 Kg6 42. Nb1 Bc4 43. Nd2 Bb5 44. Nb3 b6 45. Nd2 Bd6 46. Nd1 Bc7 47. Nc3
Bd3 48. Rg8+ Kf6 49. Re8 Bd6 50. Rc8 Bc7 51. Re8 a5 52. Ra8 b5 53. Re8 b4 54.
axb4 axb4 55. Na2 Bb5 56. Rc8 Bd6 57. Rd8 Ke7 58. Rg8 e5 59. Nc1 exd4 60. exd4
Bf4 61. Ncb3 Be3+ 62. Kh1 Bxd2 63. Nxd2 e3 0-1

[Event "Xtracon Skakligaen"]
[Site "Denmark"]
[Date "2015.10.31"]
[Round "1.7"]
[White "Bekker Jensen, Simon"]
[Black "Grubert, Christian"]
[Result "1-0"]
[WhiteElo "2438"]
[BlackElo "2155"]
[PlyCount "51"]
[EventDate "2015.10.31"]
[EventType "team-tourn"]
[EventRounds "9"]
[EventCountry "DEN"]
[WhiteTeam "Philidor"]
[BlackTeam "Jetsmark"]
[WhiteTeamCountry "DEN"]
[BlackTeamCountry "DEN"]

1. d4 f5 2. g3 Nf6 3. Bg2 e6 4. c4 Be7 5. Nc3 O-O 6. Nh3 d6 7. Nf4 Nc6 8. d5
exd5 9. cxd5 Ne5 10. O-O c6 11. Qb3 Qb6 12. Qc2 Bd7 13. h3 Rac8 14. Be3 Qa5 15.
dxc6 bxc6 16. Rac1 d5 17. Qa4 Qxa4 18. Nxa4 Ne4 19. b3 Rc7 20. Nxd5 cxd5 21.
Rxc7 Bd6 22. Rxa7 Bb5 23. Bxe4 fxe4 24. Nc3 Bd7 25. Kg2 Be6 26. Rd1 1-0

[Event "Xtracon Skakligaen"]
[Site "Denmark"]
[Date "2015.10.31"]
[Round "1.8"]
[White "Nielsen, Tommy"]
[Black "Bekker Jensen, David"]
[Result "1/2-1/2"]
[WhiteElo "2122"]
[BlackElo "2287"]
[PlyCount "39"]
[EventDate "2015.10.31"]
[EventType "team-tourn"]
[EventRounds "9"]
[EventCountry "DEN"]
[WhiteTeam "Jetsmark"]
[BlackTeam "Philidor"]
[WhiteTeamCountry "DEN"]
[BlackTeamCountry "DEN"]

1. e4 c5 2. Nc3 Nc6 3. Nf3 e5 4. Bc4 d6 5. h3 h6 6. d3 Nf6 7. Nd5 Be6 8. c3 Be7
9. Be3 a6 10. O-O Bxd5 11. Bxd5 Nxd5 12. exd5 Nb8 13. d4 e4 14. Nd2 O-O 15.
dxc5 f5 16. cxd6 Bxd6 17. Nc4 b5 18. Bb6 Qe7 19. Nxd6 Qxd6 20. Qd4 1/2-1/2

[Event "Xtracon Skakligaen"]
[Site "Denmark"]
[Date "2015.10.31"]
[Round "1.1"]
[White "Hector, Jonny"]
[Black "Svane, Rasmus"]
[Result "1-0"]
[WhiteElo "2493"]
[BlackElo "2543"]
[PlyCount "87"]
[EventDate "2015.10.31"]
[EventType "team-tourn"]
[EventRounds "9"]
[EventCountry "DEN"]
[WhiteTeam "Nordkalotten"]
[BlackTeam "Skanderborg"]
[WhiteTeamCountry "DEN"]
[BlackTeamCountry "DEN"]

1. e4 c6 2. d4 d5 3. Nd2 dxe4 4. Nxe4 Bf5 5. Ng3 Bg6 6. Nh3 Nf6 7. Be2 e6 8.
O-O Nbd7 9. c4 Bd6 10. Bf4 Qc7 11. Bxd6 Qxd6 12. c5 Qc7 13. f4 Ne4 14. Bf3 Ndf6
15. Qe2 Nxg3 16. hxg3 O-O-O 17. Rfd1 Nd5 18. Qe1 h5 19. b4 h4 20. Bxd5 Rxd5 21.
g4 Qd7 22. Rd2 Rxd4 23. Rad1 Rd5 24. f5 exf5 25. Rxd5 cxd5 26. Nf4 d4 27. g5
Rd8 28. Qxh4 Qa4 29. Qe1 Re8 30. Qd2 Re4 31. Rf1 Qe8 32. Rf3 Qe5 33. Nd3 Qe7
34. Rh3 Qe8 35. Nf4 Qd8 36. b5 Qc7 37. Rh8+ Kd7 38. Nd3 Ke7 39. Qb4 Re6 40. c6+
Rd6 41. Qc5 f6 42. Qxa7 Be8 43. cxb7 Rd7 44. Rxe8+ 1-0

[Event "Xtracon Skakligaen"]
[Site "Denmark"]
[Date "2015.10.31"]
[Round "1.2"]
[White "Andersen, Mads"]
[Black "Ahlander, Bjorn"]
[Result "0-1"]
[WhiteElo "2457"]
[BlackElo "2378"]
[PlyCount "78"]
[EventDate "2015.10.31"]
[EventType "team-tourn"]
[EventRounds "9"]
[EventCountry "DEN"]
[WhiteTeam "Skanderborg"]
[BlackTeam "Nordkalotten"]
[WhiteTeamCountry "DEN"]
[BlackTeamCountry "DEN"]

1. Nf3 Nf6 2. g3 d5 3. Bg2 e6 4. O-O Be7 5. c4 O-O 6. d4 Nbd7 7. Qc2 c6 8. Nbd2
b6 9. e4 Ba6 10. b3 Rc8 11. Bb2 c5 12. exd5 exd5 13. Rfd1 Re8 14. Qf5 g6 15.
Qh3 b5 16. Ne5 bxc4 17. Nxd7 cxd4 18. Bxd4 Nxd7 19. bxc4 Bf6 20. Bxf6 Nxf6 21.
cxd5 Rc2 22. Nb3 Qb6 23. Nd4 Re1+ 24. Rxe1 Qxd4 25. Rec1 Rxf2 26. Kh1 Ng4 27.
Qh4 Rxg2 28. Kxg2 Qf2+ 29. Kh3 h5 30. Qd8+ Kg7 31. Rh1 Qf5 32. Rhg1 Ne3+ 33. g4
hxg4+ 34. Kh4 Qh5+ 35. Kg3 Nf5+ 36. Kg2 Be2 37. Raf1 Qh3+ 38. Kf2 Qe3+ 39. Kg2
Bf3+ 0-1

[Event "Xtracon Skakligaen"]
[Site "Denmark"]
[Date "2015.10.31"]
[Round "1.3"]
[White "Sylvan, Jacob"]
[Black "Semcesen, Daniel"]
[Result "0-1"]
[WhiteElo "2340"]
[BlackElo "2436"]
[PlyCount "122"]
[EventDate "2015.10.31"]
[EventType "team-tourn"]
[EventRounds "9"]
[EventCountry "DEN"]
[WhiteTeam "Nordkalotten"]
[BlackTeam "Skanderborg"]
[WhiteTeamCountry "DEN"]
[BlackTeamCountry "DEN"]

1. e4 d6 2. d4 Nf6 3. Nc3 e5 4. Nf3 Nbd7 5. Bc4 Be7 6. O-O O-O 7. Re1 c6 8. a4
a5 9. h3 Nb6 10. Bf1 exd4 11. Nxd4 d5 12. e5 Ne8 13. Nce2 g6 14. Nf4 Ng7 15.
Bd3 Nd7 16. c4 dxc4 17. Bxc4 Nxe5 18. Bb3 Bf6 19. Be3 Nf5 20. Nxf5 Bxf5 21. Qe2
Re8 22. Rad1 Qe7 23. Qd2 Red8 24. Qc1 Qb4 25. Bc2 Bxc2 26. Qxc2 Qc4 27. Qb1
Qxa4 28. Ne2 Rxd1 29. Rxd1 Rd8 30. Rxd8+ Bxd8 31. Nc3 Qc4 32. Bh6 Qe6 33. Qd1
Be7 34. Ne4 f6 35. Qd4 Nf7 36. Be3 Qe5 37. Qd3 Qxb2 38. Bd4 Qc1+ 39. Kh2 Qf4+
40. g3 Qf5 41. Qe3 Kf8 42. Bc5 Bxc5 43. Nxc5 b5 44. Ne6+ Kg8 45. Nf4 Qd7 46.
Qc3 Ne5 47. Qxa5 Kg7 48. Qa2 Nc4 49. Qe2 Kf7 50. h4 c5 51. Qe4 Ne5 52. Qa8 Kg7
53. h5 c4 54. h6+ Kxh6 55. Qf8+ Kg5 56. Qc5 Qc6 57. Qe7 Kf5 58. Kg1 c3 59. Ng2
c2 60. Ne3+ Ke4 61. Qb4+ Qc4 0-1

[Event "Xtracon Skakligaen"]
[Site "Denmark"]
[Date "2015.10.31"]
[Round "1.4"]
[White "Pedersen, Nicolai Vesterbaek"]
[Black "Kristensen, Kaare Hove"]
[Result "1-0"]
[WhiteElo "2403"]
[BlackElo "2365"]
[PlyCount "99"]
[EventDate "2015.10.31"]
[EventType "team-tourn"]
[EventRounds "9"]
[EventCountry "DEN"]
[WhiteTeam "Skanderborg"]
[BlackTeam "Nordkalotten"]
[WhiteTeamCountry "DEN"]
[BlackTeamCountry "DEN"]

1. d4 d5 2. c4 e6 3. Nc3 c6 4. e3 Nf6 5. b3 c5 6. cxd5 Nxd5 7. Nxd5 Qxd5 8. Nf3
cxd4 9. Qxd4 Qxd4 10. Nxd4 a6 11. Bb2 Bb4+ 12. Ke2 O-O 13. f4 f6 14. Kf2 b5 15.
a4 e5 16. Nc2 Bc5 17. axb5 exf4 18. Bc4+ Kh8 19. Bd4 fxe3+ 20. Bxe3 Bxe3+ 21.
Nxe3 Bb7 22. Bd5 Bxd5 23. Nxd5 Ra7 24. Rhc1 Rd7 25. bxa6 Nxa6 26. Nb6 Rd2+ 27.
Ke3 Rxg2 28. Rxa6 Rxh2 29. Ra8 Kg8 30. Rxf8+ Kxf8 31. b4 Rb2 32. Nd5 h5 33. Kd4
h4 34. Kc3 Re2 35. b5 Kf7 36. b6 Re8 37. Kd4 g5 38. Rc7+ Kg6 39. b7 Rb8 40.
Ne7+ Kh5 41. Nc6 Rxb7 42. Rxb7 Kg4 43. Ke3 Kg3 44. Nd4 h3 45. Nf5+ Kg4 46. Ke4
h2 47. Ne3+ Kg3 48. Nf1+ Kg2 49. Nxh2 Kxh2 50. Kf5 1-0

[Event "Xtracon Skakligaen"]
[Site "Denmark"]
[Date "2015.10.31"]
[Round "1.5"]
[White "Nielsen, Lars Aaes"]
[Black "Pedersen, Steffen"]
[Result "1/2-1/2"]
[WhiteElo "2231"]
[BlackElo "2406"]
[PlyCount "45"]
[EventDate "2015.10.31"]
[EventType "team-tourn"]
[EventRounds "9"]
[EventCountry "DEN"]
[WhiteTeam "Nordkalotten"]
[BlackTeam "Skanderborg"]
[WhiteTeamCountry "DEN"]
[BlackTeamCountry "DEN"]

1. e4 e5 2. Nf3 Nc6 3. Bb5 a6 4. Bxc6 dxc6 5. O-O Qf6 6. d4 exd4 7. Bg5 Qd6 8.
Qxd4 Qxd4 9. Nxd4 Bd7 10. Nc3 Ne7 11. Rad1 O-O-O 12. h3 h6 13. Bf4 Rg8 14. g4
g6 15. Be5 f5 16. f3 h5 17. Bf6 fxg4 18. hxg4 hxg4 19. f4 Re8 20. Kg2 Bg7 21.
Bxg7 Rxg7 22. Rde1 Rh7 23. Nb3 1/2-1/2

[Event "Xtracon Skakligaen"]
[Site "Denmark"]
[Date "2015.10.31"]
[Round "1.6"]
[White "Hansen, Mads"]
[Black "Pedersen, Daniel V"]
[Result "0-1"]
[WhiteElo "2310"]
[BlackElo "2244"]
[PlyCount "100"]
[EventDate "2015.10.31"]
[EventType "team-tourn"]
[EventRounds "9"]
[EventCountry "DEN"]
[WhiteTeam "Skanderborg"]
[BlackTeam "Nordkalotten"]
[WhiteTeamCountry "DEN"]
[BlackTeamCountry "DEN"]

1. e4 e5 2. Nf3 Nc6 3. Bb5 a6 4. Ba4 Nf6 5. O-O Be7 6. d3 b5 7. Bb3 O-O 8. a4
Bb7 9. Re1 h6 10. Nc3 b4 11. Ne2 Re8 12. Ng3 Bf8 13. a5 g6 14. Bd2 d5 15. exd5
Nxd5 16. Qc1 Kh7 17. c3 bxc3 18. bxc3 f5 19. Ra4 f4 20. Ne4 Nf6 21. g3 Nxe4 22.
dxe4 g5 23. Bf7 Re7 24. Bd5 Qc8 25. c4 Nd4 26. Nxd4 exd4 27. e5 c5 28. Ra3 Qf5
29. gxf4 d3 30. f3 Rd8 31. Re4 Rxd5 32. cxd5 Bxd5 33. Rxd3 Bxe4 34. fxe4 Qxe4
35. Re3 Qxf4 36. Bc3 Rf7 37. e6 Bd6 38. Qb1+ Rf5 39. Re2 Kg8 40. Qe1 c4 41. e7
Bc5+ 42. Kh1 Qf3+ 43. Rg2 Bxe7 44. Qe6+ Rf7 45. Qg6+ Kf8 46. Qxh6+ Ke8 47. Qh8+
Rf8 48. Qd4 Rf4 49. Qh8+ Kd7 50. Be1 Qe4 0-1

[Event "Xtracon Skakligaen"]
[Site "Denmark"]
[Date "2015.10.31"]
[Round "1.7"]
[White "Ejsing, Esben"]
[Black "Andersen, Jackie"]
[Result "0-1"]
[WhiteElo "2194"]
[BlackElo "2343"]
[PlyCount "80"]
[EventDate "2015.10.31"]
[EventType "team-tourn"]
[EventRounds "9"]
[EventCountry "DEN"]
[WhiteTeam "Nordkalotten"]
[BlackTeam "Skanderborg"]
[WhiteTeamCountry "DEN"]
[BlackTeamCountry "DEN"]

1. e4 g6 2. d4 Bg7 3. Nc3 d6 4. g3 Nd7 5. Bg2 c5 6. Nge2 Ngf6 7. O-O O-O 8. h3
a6 9. a4 cxd4 10. Nxd4 Nc5 11. Be3 Bd7 12. b4 Ne6 13. e5 Ne8 14. Nde2 Bxe5 15.
Bxb7 Rb8 16. Bxa6 Rxb4 17. Bb5 N8c7 18. Bb6 Qc8 19. Bxd7 Qxd7 20. a5 Qc6 21.
Qd2 Rc4 22. Ra3 d5 23. Qe3 Qd6 24. Qc1 d4 25. Ne4 Qc6 26. f3 Nd5 27. f4 Bg7 28.
Nf2 Rxc2 29. Qd1 Ne3 30. Rxe3 dxe3 31. Bxe3 Rd8 32. Nd3 Bd4 33. Bf2 Bxf2+ 34.
Rxf2 Qc4 35. Rf3 Nc5 36. Nec1 Nxd3 37. Rxd3 Rxc1 38. Rxd8+ Kg7 39. Qxc1 Qxc1+
40. Kf2 Qc5+ 0-1

[Event "Xtracon Skakligaen"]
[Site "Denmark"]
[Date "2015.10.31"]
[Round "1.8"]
[White "Nilssen, John Arni"]
[Black "Hove, Esben Kjems"]
[Result "1/2-1/2"]
[WhiteElo "2274"]
[BlackElo "2218"]
[PlyCount "66"]
[EventDate "2015.10.31"]
[EventType "team-tourn"]
[EventRounds "9"]
[EventCountry "DEN"]
[WhiteTeam "Skanderborg"]
[BlackTeam "Nordkalotten"]
[WhiteTeamCountry "DEN"]
[BlackTeamCountry "DEN"]

1. c4 c6 2. d4 d5 3. Nc3 Nf6 4. e3 e6 5. Nf3 Nbd7 6. Bd3 dxc4 7. Bxc4 b5 8. Be2
Bb7 9. e4 b4 10. e5 bxc3 11. exf6 cxb2 12. fxg7 Bxg7 13. Bxb2 Qa5+ 14. Nd2 Ba6
15. O-O Bxe2 16. Qxe2 O-O 17. Rfc1 Qb5 18. Nc4 Nb6 19. a4 Nxa4 20. Ba3 Rfd8 21.
Qc2 Rxd4 22. Rab1 Qa6 23. Rb3 Rad8 24. h3 c5 25. Rg3 f6 26. Ne3 Rd3 27. Ra1 Qb5
28. Rb1 Qd7 29. Ra1 Kh8 30. Bxc5 Nxc5 31. Qxc5 Bf8 32. Qxa7 Qxa7 33. Rxa7 R3d7
1/2-1/2

[Event "Xtracon Skakligaen"]
[Site "Denmark"]
[Date "2015.10.31"]
[Round "1.1"]
[White "Schandorff, Lars"]
[Black "Teplyi, Igor"]
[Result "0-1"]
[WhiteElo "2519"]
[BlackElo "2422"]
[PlyCount "86"]
[EventDate "2015.10.31"]
[EventType "team-tourn"]
[EventRounds "9"]
[EventCountry "DEN"]
[WhiteTeam "Hillerod"]
[BlackTeam "Nordre"]
[WhiteTeamCountry "DEN"]
[BlackTeamCountry "DEN"]

1. d4 Nf6 2. c4 g6 3. Nc3 d5 4. cxd5 Nxd5 5. e4 Nxc3 6. bxc3 Bg7 7. Qa4+ Nd7 8.
Nf3 O-O 9. Be2 Nb6 10. Qa3 Bg4 11. O-O e5 12. d5 f5 13. Bd1 Bxf3 14. Bxf3 Nc4
15. Qb3 Nd6 16. c4 fxe4 17. Bg4 b6 18. a4 Kh8 19. Ba3 Qh4 20. Be2 Rf6 21. c5
Nf5 22. Ra2 Nd4 23. Qg3 Qxg3 24. hxg3 Bf8 25. Re1 Bxc5 26. Bxc5 bxc5 27. Bc4
Rb8 28. Rxe4 Rb1+ 29. Kh2 Rc1 30. Bb5 c4 31. f4 g5 32. fxg5 Rff1 33. Kh3 Rh1+
34. Kg4 c3 35. Rxe5 Rce1 36. Rxe1 Rxe1 37. Bd3 Rd1 38. Be4 Rd2 39. Ra3 Re2 40.
Bd3 c2 41. Bxc2 Rxc2 42. Kf4 Rc4 43. Ke5 Kg7 0-1

[Event "Xtracon Skakligaen"]
[Site "Denmark"]
[Date "2015.10.31"]
[Round "1.2"]
[White "Baekgaard, Martin"]
[Black "Percivaldi, Martin"]
[Result "1/2-1/2"]
[WhiteElo "2333"]
[BlackElo "2246"]
[PlyCount "184"]
[EventDate "2015.10.31"]
[EventType "team-tourn"]
[EventRounds "9"]
[EventCountry "DEN"]
[WhiteTeam "Nordre"]
[BlackTeam "Hillerod"]
[WhiteTeamCountry "DEN"]
[BlackTeamCountry "DEN"]

1. d4 d5 2. c4 c6 3. Nf3 Nf6 4. Nc3 a6 5. c5 g6 6. Bf4 Bg7 7. h3 O-O 8. e3 Bf5
9. Qb3 Qc8 10. Be2 Nbd7 11. Na4 Ne4 12. Rc1 f6 13. Bh2 e5 14. O-O Be6 15. Bd3
Bf7 16. Qc2 Qc7 17. dxe5 Nxe5 18. Bxe5 fxe5 19. Bxe4 dxe4 20. Ng5 Bd5 21. Nb6
Rad8 22. Nxd5 cxd5 23. Ne6 Qc6 24. Nxd8 Rxd8 25. Qb3 Kh8 26. Rfd1 d4 27. Qb6
Rd5 28. Qxc6 bxc6 29. b4 Kg8 30. a4 Kf7 31. b5 axb5 32. axb5 cxb5 33. c6 Rd8
34. Rc5 b4 35. c7 Rc8 36. Rdc1 Ke6 37. Rb5 Bf8 38. Rb8 Kd7 39. Rxc8 Kxc8 40.
exd4 exd4 41. Kf1 d3 42. Re1 Kxc7 43. Rxe4 Bc5 44. Re1 Kc6 45. Rb1 Kb5 46. Ke1
Bd4 47. g4 Bc3+ 48. Kf1 Kc4 49. f4 b3 50. f5 gxf5 51. gxf5 b2 52. Kf2 Kb3 53.
Ke3 Kc2 54. Rf1 d2 55. Ke2 Bf6 56. Rd1 Kc3 57. Rb1 Kc2 58. Rd1 Bg5 59. f6 b1=Q
60. Rxb1 Kxb1 61. f7 Kc1 62. f8=Q d1=Q+ 63. Kf2 Bh4+ 64. Ke3 Qg1+ 65. Ke4 Qe1+
66. Kd3 Qg3+ 67. Ke2 Qg2+ 68. Ke3 Qxh3+ 69. Qf3 Qe6+ 70. Qe4 Qb6+ 71. Kf3 Qf2+
72. Kg4 Qg3+ 73. Kf5 Qg5+ 74. Ke6 Qg6+ 75. Kd5 Qg8+ 76. Kd4 Qd8+ 77. Ke3 Qd2+
78. Kf3 Qd1+ 79. Qe2 Qh1+ 80. Qg2 Qd1+ 81. Qe2 Qd5+ 82. Qe4 Qh5+ 83. Qg4 Qd5+
84. Qe4 Qd8 85. Qc4+ Kd2 86. Qe2+ Kc3 87. Qe3+ Kc4 88. Qc1+ Kb5 89. Qb1+ Kc6
90. Qc1+ Kd7 91. Qd1+ Ke6 92. Qxd8 Bxd8 1/2-1/2

[Event "Xtracon Skakligaen"]
[Site "Denmark"]
[Date "2015.10.31"]
[Round "1.3"]
[White "Jaksland, Tim"]
[Black "Petersen, Tom Petri"]
[Result "1/2-1/2"]
[WhiteElo "2284"]
[BlackElo "2349"]
[PlyCount "29"]
[EventDate "2015.10.31"]
[EventType "team-tourn"]
[EventRounds "9"]
[EventCountry "DEN"]
[WhiteTeam "Hillerod"]
[BlackTeam "Nordre"]
[WhiteTeamCountry "DEN"]
[BlackTeamCountry "DEN"]

1. Nf3 g6 2. d4 Bg7 3. g3 c5 4. c3 cxd4 5. cxd4 Nf6 6. Bg2 O-O 7. O-O d6 8. Nc3
Nbd7 9. e4 Nb6 10. h3 Bd7 11. Re1 Rc8 12. a4 Nc4 13. b3 Na5 14. Bb2 Ne8 15. Rb1
1/2-1/2

[Event "Xtracon Skakligaen"]
[Site "Denmark"]
[Date "2015.10.31"]
[Round "1.4"]
[White "Sloth, Jorn"]
[Black "Stojanovski, Sandi"]
[Result "1/2-1/2"]
[WhiteElo "2311"]
[BlackElo "2250"]
[PlyCount "91"]
[EventDate "2015.10.31"]
[EventType "team-tourn"]
[EventRounds "9"]
[EventCountry "DEN"]
[WhiteTeam "Nordre"]
[BlackTeam "Hillerod"]
[WhiteTeamCountry "DEN"]
[BlackTeamCountry "DEN"]

1. g3 c5 2. c4 e6 3. Bg2 Nf6 4. Nf3 d5 5. cxd5 Nxd5 6. O-O Be7 7. d4 cxd4 8.
Nxd4 O-O 9. Qb3 Na6 10. Rd1 Nc5 11. Qc4 Bd7 12. e4 Nb6 13. Qe2 Qc7 14. Nc3 Bf6
15. Ndb5 Qb8 16. Be3 Be7 17. b4 Bxb5 18. Qxb5 Na6 19. Bc5 Qe8 20. Qxe8 Rfxe8
21. Bxe7 Rxe7 22. a3 e5 23. Nd5 Nxd5 24. exd5 Rd8 25. Rac1 g6 26. d6 Red7 27.
b5 Nb8 28. Rc7 b6 29. Bd5 Kg7 30. Rdc1 Rf8 31. Rxd7 Nxd7 32. Rc7 Nc5 33. Rxa7
e4 34. Kf1 Kf6 35. d7 Rd8 36. Bc6 Ke7 37. Ke2 f5 38. h4 Kd6 39. Ke3 h6 40. Kf4
Nd3+ 41. Ke3 Nc5 42. Kd4 g5 43. hxg5 hxg5 44. g4 fxg4 45. Bxe4 Nxd7 46. Ra8
1/2-1/2

[Event "Xtracon Skakligaen"]
[Site "Denmark"]
[Date "2015.10.31"]
[Round "1.5"]
[White "Ostergaard, Jens"]
[Black "Klitgaard, Thomas"]
[Result "1-0"]
[WhiteElo "2254"]
[BlackElo "2230"]
[PlyCount "101"]
[EventDate "2015.10.31"]
[EventType "team-tourn"]
[EventRounds "9"]
[EventCountry "DEN"]
[WhiteTeam "Hillerod"]
[BlackTeam "Nordre"]
[WhiteTeamCountry "DEN"]
[BlackTeamCountry "DEN"]

1. d4 d6 2. Nf3 Bg4 3. c4 Bxf3 4. gxf3 c6 5. Nc3 e6 6. e4 e5 7. dxe5 dxe5 8.
Qxd8+ Kxd8 9. f4 Nd7 10. Be3 Bc5 11. Bxc5 Nxc5 12. O-O-O+ Kc7 13. Rg1 g6 14.
fxe5 a5 15. Bh3 Re8 16. f4 f6 17. e6 Nxe6 18. Bxe6 Rxe6 19. Rg3 Rd6 20. Rxd6
Kxd6 21. Rd3+ Kc7 22. Na4 Nh6 23. Nc5 Kc8 24. Rd7 Ng4 25. Rxb7 Nxh2 26. Ra7 Kb8
27. Rf7 Ng4 28. Nd7+ Kc8 29. Nxf6 Nxf6 30. Rxf6 Kd7 31. Kd2 h5 32. Rxg6 h4 33.
Rg2 h3 34. Rh2 Kd6 35. Ke3 Kc5 36. b3 a4 37. f5 axb3 38. axb3 Kd6 39. Kf4 Rh4+
40. Kg5 Rh8 41. Kg4 Ke5 42. Rxh3 Rg8+ 43. Kf3 Rb8 44. Rh6 Rxb3+ 45. Kg4 Kxe4
46. Rxc6 Rb8 47. Re6+ Kd4 48. f6 Kxc4 49. f7 Rf8 50. Re7 Kd5 51. Kf5 1-0

[Event "Xtracon Skakligaen"]
[Site "Denmark"]
[Date "2015.10.31"]
[Round "1.6"]
[White "Hoiberg, Nina"]
[Black "Nordenbaek, Jan"]
[Result "0-1"]
[WhiteElo "2213"]
[BlackElo "2196"]
[PlyCount "62"]
[EventDate "2015.10.31"]
[EventType "team-tourn"]
[EventRounds "9"]
[EventCountry "DEN"]
[WhiteTeam "Nordre"]
[BlackTeam "Hillerod"]
[WhiteTeamCountry "DEN"]
[BlackTeamCountry "DEN"]

1. e4 e5 2. Nf3 Nc6 3. d4 exd4 4. Bc4 Nf6 5. e5 d5 6. Bb5 Ne4 7. Nxd4 Bc5 8.
Be3 Bd7 9. Bxc6 bxc6 10. O-O Qe7 11. f3 Nd6 12. Bf2 Nf5 13. c3 O-O 14. Nxf5
Bxf5 15. Bxc5 Qxc5+ 16. Qd4 Qb6 17. g4 Qxb2 18. gxf5 Qxa1 19. f6 Rab8 20. Nd2
Qxa2 21. Qf4 Qc2 22. Rf2 g5 23. Qe3 Qf5 24. Rg2 Kh8 25. h4 Qf4 26. Qxa7 Qxe5
27. hxg5 Rg8 28. Nf1 Rb1 29. Rg4 Qe2 30. Qf2 Re8 31. Rh4 Qd3 0-1